000 00627nam a2200181 4500
001 128089
003 ES-MaACL
005 20230906193147.0
007 t|
008 070214s1921 sp r ||||1| spa d
100 1 _aRocafull de Montes, José.
_998023
245 1 0 _aMemoria del curso de 1920-1921 /
_cJosé Rocafull de Montes.
260 _aAlmería :
_b[s.n.],
_c1921 (
_fImp. Sempere)
500 _aPrecede al Tit : Escuela de Artes y Oficios de Almería.
610 2 _aEscuela de Artes y Oficios de Almería-
_vMemorias.
_9148588
710 2 _aEscuela de Artes y Oficios de Almería.
_93527
852 _aES-MaACL
_j1619-F-2
999 _c128089
_d128089